The Beatitudes and the Lord's prayer / (Record no. 4427)
[ view plain ]
| 000 -LEADER | |
|---|---|
| fixed length control field | 00857nam a2200289 i 4500 |
| 001 - CONTROL NUMBER | |
| control field | 3231761 |
| 003 - CONTROL NUMBER IDENTIFIER | |
| control field | GBCCL |
| 005 - DATE AND TIME OF LATEST TRANSACTION | |
| control field | 20241126110518.0 |
| 008 - FIXED-LENGTH DATA ELEMENTS--GENERAL INFORMATION | |
| fixed length control field | 800205s1979 miu 001 0 eng |
| 010 ## - | |
| -- | 79127326 |
| 020 ## - INTERNATIONAL STANDARD BOOK NUMBER | |
| International Standard Book Number | 0801070430 : |
| Terms of availability | $5.95 |
| 040 ## - CATALOGING SOURCE | |
| Original cataloging agency | DLC |
| Transcribing agency | DLC |
| Modifying agency | DLC |
| 050 00 - | |
| -- | BT382 |
| -- | .P55 1979 |
| 082 00 - DEWEY DECIMAL CLASSIFICATION NUMBER | |
| Classification number | 226.9306 |
| Item number | PIN |
| 100 1# - MAIN ENTRY--PERSONAL NAME | |
| Personal name | Pink, Arthur Walkington, |
| Dates associated with a name | 1886-1952. |
| 9 (RLIN) | 2836 |
| 245 14 - TITLE STATEMENT | |
| Title | The Beatitudes and the Lord's prayer / |
| Statement of responsibility, etc. | Arthur W. Pink. |
| 250 ## - EDITION STATEMENT | |
| Edition statement | Indian ed. |
| 260 ## - PUBLICATION, DISTRIBUTION, ETC. | |
| Place of publication, distribution, etc. | Grand Rapids, Mich. : |
| Name of publisher, distributor, etc. | Baker Book House, |
| Date of publication, distribution, etc. | c1979. |
| 300 ## - PHYSICAL DESCRIPTION | |
| Extent | 138 p. ; |
| Dimensions | 23 cm. |
| 500 ## - GENERAL NOTE | |
| General note | Includes index. |
| 630 #0 - SUBJECT ADDED ENTRY--UNIFORM TITLE | |
| Uniform title | Beatitudes. |
| 9 (RLIN) | 8288 |
| 630 #0 - SUBJECT ADDED ENTRY--UNIFORM TITLE | |
| Uniform title | Lord's prayer. |
| 9 (RLIN) | 7948 |
| 730 #2 - | |
| -- | Beatitudes. 1979. |
| -- | 8292 |
| 730 #2 - | |
| -- | Lord's prayer. 1979. |
| -- | 8293 |
| 906 ## - LOCAL DATA ELEMENT F, LDF (RLIN) | |
| a | 7 |
| b | cbc |
| c | orignew |
| d | 2 |
| e | ncip |
| f | 19 |
| g | y-gencatlg |
| 942 ## - ADDED ENTRY ELEMENTS (KOHA) | |
| Source of classification or shelving scheme | Dewey Decimal Classification |
| Koha item type | Books |
| Koha issues (borrowed), all copies | 2 |
| Withdrawn status | Lost status | Source of classification or shelving scheme | Damaged status | Not for loan | Home library | Current Library | Shelving location | Date acquired | Total checkouts | Full call number | Barcode | Date last seen | Date last checked out | Copy number | Price effective from | Koha item type |
|---|---|---|---|---|---|---|---|---|---|---|---|---|---|---|---|---|
| Dewey Decimal Classification | GRACE BIBLE COLLEGE | GRACE BIBLE COLLEGE | Biblical Studies | 2018-01-22 | 5 | 226.9306 PIN | 003727 | 2025-05-01 | 2025-03-04 | c.1 | 2018-01-22 | Books |